000 00467nam a22001217a 4500
003 OSt
008 250120b |||||||| |||| 00| 0 eng d
041 _aeng
100 _aWorld Energy Conference:
_96968
245 _aEnergy Development Quality of Use: Working Group No:3 WG 3 of Energy Conservation in UK Industry:
_bResult from the Industrial Energy Thrift Scheme
260 _aNew Delhi:
_bOrganising Committe 12th Congress World Energy Conference,
_c1983.
942 _cBK
999 _c19067
_d19067